000 00423cam a22001337a 4500
008 180718b1944 xxu||||| |||| 00| 0 eng d
082 _aC4x54 R141d
100 _aRamaswamy, M.
245 _aDistribution of Legislative powers in the future Indian federation
_cby M. Ramaswamy
260 _aLondon
_bLongmans, Green
_c1944
300 _axii, 77p
650 _aLegislative power --India
650 _aFederal government --India
999 _c423415
_d423415